El secreto bancario (Record no. 12375)

MARC details
000 -LEADER
campo de control de longitud fija 00336nam a2200121Ia 4500
008 - DATOS DE LONGITUD FIJA--INFORMACIÓN GENERAL
campo de control de longitud fija 231129s9999||||xx |||||||||||||| ||spa||
020 ## - NÚMERO INTERNACIONAL ESTÁNDAR DEL LIBRO
Número Internacional Estándar del Libro 84-8272-101-1
082 ## - NÚMERO DE LA CLASIFICACIÓN DECIMAL DEWEY
Número de clasificación 332.498 / E843
100 ## - ENTRADA PRINCIPAL--NOMBRE DE PERSONA
Nombre de persona Espriella Ossio Alfonso de la
245 #0 - MENCIÓN DEL TÍTULO
Título El secreto bancario
264 ## - PRODUCCIÓN, PUBLICACIÓN, DISTRIBUCIÓN, FABRICACIÓN Y COPYRIGHT
Producción, publicación, distribución, fabricación y copyright Temis
942 ## - ELEMENTOS DE ENTRADA SECUNDARIOS (KOHA)
Fuente del sistema de clasificación o colocación Clasificación Decimal Dewey
Tipo de ítem Koha
Holdings
Estatus retirado Estado de pérdida Fuente del sistema de clasificación o colocación Estado de daño No para préstamo Biblioteca de origen Biblioteca actual Fecha de adquisición Total de préstamos Signatura topográfica completa Código de barras Visto por última vez Precio de reemplazo Tipo de ítem Koha
    Clasificación Decimal Dewey     BIBLIOTECA PÚBLICA MUNICIPAL RAMON CORREA MEJIA BIBLIOTECA PÚBLICA MUNICIPAL RAMON CORREA MEJIA 09/07/2009   332.498 / E843 8751 29/11/2023 29/11/2023 Libros

Powered by Koha